00711nam a22001812 4500001001100000005001700011008004100028020001700069040001500086245009500101250001200196260008800208300001400296650005300310650004300363650005400406710006900460000002000420151217155904.0110524s xx 000 0 eng d a9966958312 : aKABUcKABU12aA popular version of the Kriegler (IREC) and Waki (CIPEV) :bFindings and recommendations. a1st ed. aNairobi, Kenya :bKenyan section of the international commission of jurists,c2010. aix, 57 p. 0aElectionsxcorrupt practiceszKenya.@0000180035 0apolitical violencezKenya.@0000180036 0aPolitics and governmenty2002zKenya.@00001800372 aInternational commission of jurists.bKenya section.@0000180032